000 00375nam a2200157Ia 4500
008 100122s9999 xx 000 0 und d
082 _b14496
_a823
100 _aCHASE M E
245 _aTHE WOMAN AND THE SEA
250 _a0
260 _bA LADDER EDITION
_c1965
300 _a127
630 _aTHE WOMAN AND THE SEA
730 _aTHE WOMAN AND THE SEA
942 _cBOOK
999 _c444992
_d444989